瑪德蓮
| 資料類型: | 圖書 | 書目號: | 47074 |
Leader xxxxxxxxxx 005 __ 20120515154119.0 010 0_ |a978-957-522-972-6|b平裝|dNT$280 042 __ |anbic 100 __ |a20140616d2012 m y0chiy50 e 101 0_ |achi 102 __ |atw 105 __ |aa z 000cy 200 1_ |a瑪德蓮|f楊佳嫻作 205 __ |a初版 210 __ |a臺北市|c聯合文學出版|a新北市新店區|c聯合發行總經銷|d2012[民101] 215 0_ |a258面|c圖|d19公分 225 2_ |a品味隨筆|v6 681 __ |a855|b4624|v2007年版 700 _1 |a楊|b佳嫻|4作 681 __ |a855|b8669 801 _0 |atw|b內湖高中|c20140616|gCCR |